| 000 | 01159nac a22002651u 4500 | ||
|---|---|---|---|
| 010 | _a 99036183 | ||
| 020 | _a0521770521 (hardcover) | ||
| 020 | _a0521778107 (pbk.) | ||
| 082 | 0 | 0 |
_a306.6092 _bH3251 |
| 090 |
_c5155 _d5155 |
||
| 100 | _aHart, William D., | ||
| 245 | 1 | 0 |
_aEdward Said and the religious effects of culture / _cWilliam D. Hart. |
| 260 |
_aCambridge, U.K. ; _aNew York : _bCambridge University Press,2000 _c2000. |
||
| 300 |
_axiii, 236 p. ; _c24 cm. |
||
| 440 | 0 |
_aCambridge studies in religion and critical thought ; _v8 |
|
| 504 | _aIncludes bibliographical references (p. 228-234) and index. | ||
| 600 | 1 | 0 | _aSaid, Edward W. |
| 650 | 0 |
_aReligion _xPhilosophy. |
|
| 650 | 0 | _aSecularism. | |
| 856 | 4 | 1 |
_3Sample text _uhttp://www.loc.gov/catdir/samples/cam032/99036183.html |
| 856 | 4 | 1 |
_3Table of contents _uhttp://www.loc.gov/catdir/toc/cam024/99036183.html |
| 856 | 4 | 1 |
_3Publisher description _uhttp://www.loc.gov/catdir/description/cam0210/99036183.html |
| 942 |
_cBB _k306.6092H3251 |
||
| 999 |
_c5155 _d5155 |
||